书目信息 |
| 题名: |
天然产物化学
|
|
| 作者: | 徐任生 主编 | |
| 分册: | ||
| 出版信息: | 北京 科学出版社 1993.12 |
|
| 页数: | 949页 | |
| 开本: | 16开 | |
| 丛书名: | ||
| 单 册: | ||
| 中图分类: | Q501 | |
| 科图分类: | ||
| 主题词: | 生物化学 | |
| 电子资源: | ||
| ISBN: | 7-03-002505-9 | |
| 000 | 00508nam0 2200193 45 | |
| 001 | 0011231679 | |
| 005 | 20031219104047.6 | |
| 010 | @a7-03-002505-9@dCNY98.00 | |
| 100 | @a20001123d1993 km y0chiy0120 ea | |
| 101 | 0 | @achi |
| 105 | @a z 000yy | |
| 200 | 1 | @a天然产物化学@f徐任生主编@FXu Ren Sheng Zhu Bian |
| 210 | @a北京@c科学出版社@d1993.12 | |
| 215 | @a949页@d16开 | |
| 606 | 0 | @a生物化学 |
| 690 | @aQ501@v3 | |
| 701 | 0 | @a徐任生@4主编 |
| 801 | @aCN@bTSTC@c20001128 | |
| 905 | @b293321-322@dQ501@e69@f2 | |
| 天然产物化学/徐任生主编.-北京:科学出版社,1993.12 |
| 949页;16开 |
| ISBN 7-03-002505-9:CNY98.00 |
| ● |
| 相关链接 |
|
|
|
|
正题名:天然产物化学
索取号:Q501/69
 
预约/预借
| 序号 | 登录号 | 条形码 | 馆藏地/架位号 | 状态 | 备注 |
| 1 | 0293321 | 002933213 | 第三借阅区/ [索取号:Q501/69] | 在馆 | |
| 2 | 0293322 | 002933222 | 第二样本阅览室/ [索取号:Q501/69] | 在馆 |